|
|
|
|
| LEADER |
00947nam a2200265 i 4500 |
| 001 |
c000258639 |
| 003 |
CARM |
| 005 |
00000000000000.0 |
| 008 |
840302s1975 nju 0 eng d |
| 019 |
1 |
|
|a 737895
|z 4094513
|5 LACONCORD2021
|
| 020 |
|
|
|a 0691072116
|
| 020 |
|
|
|a 0691019878 (pbk.)
|
| 020 |
|
|
|a 0691019878
|
| 035 |
|
|
|a (OCoLC)1418657
|5 LACONCORD2021
|
| 082 |
0 |
4 |
|a 111.8/5
|
| 100 |
1 |
|
|a Sircello, Guy.
|
| 245 |
1 |
2 |
|a A new theory of beauty /
|c Guy Sircello.
|
| 260 |
|
|
|a Princeton, N.J. :
|b Princeton University Press,
|c [1975].
|
| 300 |
|
|
|a vi, 141 p. ;
|c 25 cm.
|
| 440 |
|
0 |
|a Princeton essays on the arts ;
|v 1
|
| 504 |
|
|
|a Includes bibliographical references and index.
|
| 650 |
|
0 |
|a Aesthetics.
|
| 852 |
8 |
|
|b CARM
|h A2:AP09G0
|i C08450
|p 0321616
|f BK
|
| 999 |
f |
f |
|i 952cf637-1c35-5c01-be0c-5bb63c105bb2
|s d97fd4f6-8e6c-5b34-83b5-85dd5fca3ecf
|
| 952 |
f |
f |
|p Can circulate
|a CAVAL
|b CAVAL
|c CAVAL
|d CARM 1 Store
|e C08450
|f A2:AP09G0
|h Other scheme
|i book
|m 0321616
|